Facultad de Derecho – Universidad Nacional de Mar del Plata

Las Garantias Penales y Procesales (Record no. 2745)

MARC details
000 -CABECERA
campo de control de longitud fija 00588nam a22001457a 4500
020 ## - NUMERO INTERNACIONAL NORMALIZADO PARA LIBROS (ISBN)
International Standard Book Number 9879120450
080 ## - NUMERO DE CLASIFICACION DECIMAL UNIVERSAL (CDU)
Número de la Clasificación Decimal Universal 343.13 G 161
100 ## - ASIENTO PRINCIPAL--NOMBRE PERSONAL
Nombre personal Hendler, Edmundo S. (comp.)
245 ## - MENCION DE TITULO
Título propiamente dicho Las Garantias Penales y Procesales
Parte restante del título enfoque historico-comparado
260 ## - PUBLICACION, DISTRIBUCION, ETC. (PIE DE IMPRENTA)
Lugar de publicación, distribución, etc. Buenos Aires
Nombre del editor, distribuidor, etc. Ediciones del Puerto
Fecha de publicación, distribución, etc. 2004
300 ## - DESCRIPCION FISICA
Extensión 376 p.
650 ## - ASIENTO SECUNDARIO DE MATERIA - TERMINO TEMATICO
Subdivisión general garantias penales
-- garantias procesales
-- juicio publico
-- autoincriminacion
-- derecho penitenciario
-- doble instancia
-- principio acusatorio
-- principio de reserva
-- garantia de legalidad
-- garantia deimparcialidad
945 ## - INFORMACION DE PROCESAMIENTO LOCAL
Responsable de carga/modificación Sabrina Cecilia Abram
AAAA-MM-DD - Fecha de ingreso/modificación 2014-11-20
942 ## - ELEMENTOS AGREGADOS (KOHA)
Clasificación normalizada de Koha para alfabetizar _
Holdings
Retirado Perdido Dañado No se presta Ubicación permanente Locación actual Estante o sala Fecha de adquisición Fuente de adquisición Total préstamos Signatura topográfica Inventario Ultima fecha vista Ultima fecha prestado Fecha del precio Tipo de item de Koha
        Bib. Derecho Bib. Derecho Sala de Lectura 20/11/2014 Biblioteca Central 2 343.13 G 161 79679 16/03/2015 10/03/2015 20/11/2014 LIBRO

XHTML | CSS | ©Biblioteca Central - Dto. Tecnología de la Información - [ Con tecnología Koha ]